|
|
|
|
| LEADER |
00000cam a2200000 a 4500 |
| 001 |
47365 |
| 005 |
20230308160522.0 |
| 008 |
002031|1996 ||||||||r|||||||||||spa|| |
| 040 |
|
|
|b spa
|
| 082 |
0 |
|
|a 320.156
|
| 110 |
|
|
|g Fondo de Población de las Naciones Unidas
|9 19149
|
| 245 |
|
|
|a Noticias actuales de población
|c UNFPA
|h imp
|
| 264 |
|
|
|a Santiago
|b UNFPA
|c 1996
|
| 300 |
|
|
|a 62 páginas:
|c 27 cm
|
| 650 |
1 |
0 |
|a Población
|9 2537
|
| 852 |
|
|
|a UC-CDJBV
|c ESTANTERIA CERRADA
|f Donación
|k mariana.feican
|l 1
|m General
|p 20020313
|q 1,00
|r 2
|t 47365
|b 0
|d CDRC
|e CDRC
|g 320.156 ESTANTERIA CERRADA
|z 2002-20-31
|
| 942 |
|
|
|c BK
|
| 999 |
|
|
|c 10901
|d 10901
|